00619nam a22002057a 450000500170000001000130001702000270003003500130005703500130007003700310008303700130011408200140012710000200014124500580016125000120021926000390023127000550027030000380032550000500036320180914121919.0 aB-705534 a9788126554232c869.00  aB-669641 aB-705534 bAsian Book Centre/Venadpl bRK Books a621.00151 aKreyszig, Erwin aAdvanced engineering mathematics /cby Erwin Kreyszig a10th ed aNew DelhibJohn Wiley c2016c2018 a4436/7, Ansari Road, Darya GanjbNew Delhie110002 aVarious pagings c25cm(pbk)bill. aIncludes bibliographical references and index